000 00566nam a22001817a 4500
999 _c188826
_d188826
005 20220603170819.0
010 _aENG-133007
020 _a9788189846640
_c200.00
035 _aEN-116539
037 _bDBAD/PUB
082 _a301
245 _aDevelopment for the Communities and Country:
_bRole of Anthropology/
_cEdited by Suman Kalyan Samanta
260 _aKolkata
_bPragati Prokashak
_c2015
270 _a37A, College Street
_bKolkata
_e700073
300 _a244p.
_c22cm(hbk)
700 _aSamanta, Suman Kalyan
942 _2ddc
_cEN
_h301
_mDEV